| 000 | 01086na a2200325 4500 | ||
|---|---|---|---|
| 001 | 22069 | ||
| 003 | MIRAKIL | ||
| 005 | 20181226092845.0 | ||
| 008 | 170210b tu n0 0 0 | ||
| 022 | _a1301-1871 | ||
| 035 | _a20919 | ||
| 040 |
_aMilas _btur _cTR-AnCHP |
||
| 041 | _atur | ||
| 090 | _a050 DER 76 | ||
| 222 | _aSiyaset | ||
| 245 |
_aSiyaset _bAylık politika-ekonomi-bilim-yönetim-kültür-sanat dergisi |
||
| 246 | _aSiyaset dergisi | ||
| 260 |
_aAnkara _bHür Siyaset Dergisi Yayıncılık _c1994- |
||
| 300 |
_ac. _btbl. ; grf. _c28 sm. |
||
| 310 | _aAylık | ||
| 362 | _ayıl 22, sayı 262 (Temmuz 2016)- | ||
| 500 | _aMevcut sayılar; (189) Haziran 201; (210-211) Mart,Nisan 2012; 227 Ağustos 2013; 238 Temmuz 2014; (242-255) 2015; (256-267) 2016 | ||
| 500 | _aAylık politika, ekonomi, bilim, yönetim, kültür, sanat dergisi | ||
| 650 |
_aAktüalite _vSüreli yayınlar |
||
| 650 |
_aSiyaset _vSüreli yayınlar |
||
| 651 |
_aTürkiye _vSüreli yayınlar _xSiyaset ve yönetim |
||
| 655 | _aDergi | ||
| 910 | _aDERGİ 76 | ||
| 942 |
_2ddc _cSER |
||
| 999 |
_c11476 _d11476 |
||